Responses for show #2031 - Monday, June 7, 1993

Contestants

Tom Anderson, a graduate student from Provo, Utah

Barbara Elstein, a city planner from Brooklyn, New York

Bernie Shearon, an attorney from Dunwoody, Georgia (whose 2-day cash winnings total $33,200)

Jeopardy! Round responses

THE PLANETS
ACTORS ONSTAGE
COLORS
GEOGRAPHY
GROCERIES
ODDS & ENDS
    $100 1
Pluto

Bernie
    $100 6
Mame

Bernie
    $100 14
lapis lazuli

Bernie
    $100 7
Mediterranean

Bernie
    $100 19
baking soda

Tom
    $100 20
The British Museum

Tom
    $200 2
Mercury

Bernie
    $200 12
(Tom: Who is Gabor?)
(Alex: Be more specific.)

Eva Gabor

Tom
    $200 15
hunter

Bernie
    $200 8
Utes

Bernie
    $200 26
Get It

Barbara
    $200 21
cat litter

Barbara
    $300 3
Venus

Tom
    $300 13
"Troilus and Cressida"

Bernie
    $300 16
maize

Bernie
    $300 9
oasis

Tom
    $300 28
(Barbara: What is Log Cabin maple syrup?)

Log Cabin

Barbara
    $300 23
(Barbara: What is gestation?)

incubation perioid

Barbara
Triple Stumper
    $400 4
Mars

Bernie
    $400 22
Rue McClanahan

Tom
    $400 17
white

Barbara
    $500 10
(Tom: What is Laos?)

Thailand

Tom
    $400 29
Alpha-Bits

Tom
    $400 24
$20 bill

Tom
    $500 5
Saturn

Barbara
    $500 27
"Carousel"

Barbara
    $500 18
red

Bernie
    $500 11
Masada

Barbara
    $500 30
Tropicana

Barbara
    $500 25
(Tom: What is rock climbing?)

mountain climbing

Tom
Triple Stumper

Scores at the first commercial break (after clue 13):

Bernie Barbara Tom
$1,400 $1,000 $300

Scores at the end of the Jeopardy! Round:

Bernie Barbara Tom
$2,500 $2,800 $1,200

Double Jeopardy! Round responses

MYTHOLOGY
WORLD HISTORY
PARKS
LABOR
AUTOBIOGRAPHIES
PARDON ME
    $200 1
apples

Tom
    $200 6
Greenland

Tom
    $200 11
Los Angeles

Bernie
    $200 13
40

Bernie
    $200 22
Lee Iacocca

Tom
    $200 17
Richard Nixon

Tom
    $400 2
Achilles

Barbara
    $400 7
St. Joan of Arc

Barbara
    $400 12
San Antonio

Tom
    $400 24
(Alex: American Federation of Labor.)

CIO

Tom
    $400 23
Golf

Barbara
    $400 18
Jean Lafitte

Tom
    $600 3
becoming flowers

Bernie
    $600 8
Mongol Empire

Tom
    $600 14
Birmingham

Bernie
    $600 28
Detroit

Bernie
    $600 25
Alexander Haig

Tom
    $600 19
Barabbas

Tom
    $800 4
Prometheus

Tom
    $800 9
Germany & Austria

Barbara
    $2,000 15
Angkor Wat

Bernie
    $800 29
wildcat strike

Tom
    $800 26
(Bernie: Who is Gene McCarthy?)

George McGovern

BernieBarbara
    $800 20
Rob Roy MacGregor

Bernie
    $1000 5
Penelope

Bernie
    $1000 10
James I

Bernie
    $1000 16
Acadia

Bernie
    $1000 30
Taft-Hartley Act

Bernie
    $1000 27
(Bernie: Who was von Stroheim?)

D.W. Griffith

BernieBarbara
    $2,000 21
Damon & Pythias

Bernie

Scores at the end of the Double Jeopardy! Round:

Bernie Barbara Tom
$11,700 $6,600 $6,600

[wagering suggestions for these scores]

Final Jeopardy! Round responses

19th CENTURY ELECTIONS
TomWho were Houston & Austin?
$6,400
BarbaraWho are Houston & Austin
$6,600
BernieWho are Austin & Houston
$1,000
Sam Houston & Stephen F. Austin

Final scores:

Bernie Barbara Tom
$12,700 $13,200 $13,000
3rd place: Meade Instruments telescope New champion: $13,200 2nd place: Trip to St. Thomas, U.S. Virgin Islands

Game dynamics:

Coryat scores:

Bernie Barbara Tom
$9,500 $6,600 $7,100
23 R
(including 2 DDs),
2 W
14 R,
1 W
20 R,
2 W
(including 1 DD)

Combined Coryat: $23,200

The J! Archive is created by fans, for fans. The Jeopardy! game show and all elements thereof, including but not limited to copyright and trademark thereto, are the property of Jeopardy Productions, Inc. and are protected under law. This website is not affiliated with, sponsored by, or operated by Jeopardy Productions, Inc. Join the discussion at JBoard.tv.